| 000 | 01052nam a2200289 i 4500 | ||
|---|---|---|---|
| 001 | bg | ||
| 245 | 0 | 0 |
_aPodstawy metodologiczne prac doktorskich w naukach ekonomicznych / _cred. nauk. Maria Sławińska i Hubert Witczak ; aut. Piotr Banaszyk [et al.]. |
| 260 |
_aWarszawa : _bPolskie Wydawnictwo Ekonomiczne, _c2008. |
||
| 300 |
_a186 s. : _bil. ; _c24 cm. |
||
| 504 | _aBibliogr. s. 181-186. | ||
| 521 | 8 | _aDla doktorantów uczelni ekonomicznych i osób zamierzających podjąć studia doktoranckie. | |
| 650 | 9 |
_aNauki ekonomiczne _xdysertacje naukowe |
|
| 655 | _aPoradniki | ||
| 700 | 1 |
_aSławińska, Maria. _eRed. |
|
| 700 | 1 |
_aWitczak, Hubert. _eRed. |
|
| 700 | 1 | _aBanaszyk, Piotr. | |
| 015 | _aPB 10406/2008 | ||
| 020 | _a9788320817607 | ||
| 040 | _cBPK | ||
| 041 | _apol | ||
| 044 | _aPOL | ||
| 080 | _a378.245:33 | ||
| 920 | _a978-83-208-1760-7 | ||
| 942 | _cKS | ||
| 008 | 090408s2008 pl a f |000 0 pol | ||
| 999 |
_c56343 _d56343 |
||
| 856 |
_uhttp://koha.tu.koszalin.pl/cgi-bin/koha/opac-detail.pl?biblionumber=56343 _yKatalog online BPK |
||